Directori de l'Associació d' Arxivers de Catalunya : 1992 1992
Descripción Física:
60 p. ; 21 cm
Colección:
Documents ; 5
MARC
| LEADER | 00000nam a2200000Ia 4500 | ||
|---|---|---|---|
| 001 | 10203 | ||
| 008 | 160829s1993 xx 000 0 cat d | ||
| 080 | |a A-2-81 | ||
| 110 | 2 | |a Associació d'Arxivers de Catalunya |9 52966 | |
| 245 | |a Directori de l'Associació d' Arxivers de Catalunya : |b 1992 | ||
| 260 | |a Barcelona : |b Associació d' Arxivers de Catalunya, |c 1993 | ||
| 300 | |a 60 p. ; |c 21 cm | ||
| 490 | |a Documents ; 5 | ||
| 650 | |a Associació d'Arxivers de Catalunya |x Directoris |9 38537 | ||
| 901 | |a Arxiu | ||
| 942 | |n 1 | ||
| 952 | |0 0 |1 0 |4 0 |6 A281 |7 1 |9 48462 |a Arxiu |b Arxiu |d 2016-12-01 |l 0 |o A-2-81 |p 10203 |r 2016-12-01 00:00:00 |w 2016-12-01 |y ARXIU | ||
| 999 | |c 52291 |d 52291 | ||